000 01171nam a2200361 c 4500
001 23023
003 ES-MaCES
005 20150929135510.0
008 100504s2010 sp d o000 | spa d
017 _aM 7369-2010
_bDL
020 _a9788430950447
035 _aCES20100003609m
040 _aES-MaCES
_bspa
_cES-MaCES
100 1 _aMariscal, Nicolás
_917580
245 1 0 _aMás allá de Lisboa
_b: horizontes europeos
_cNicolás Mariscal
260 _aMadrid
_bTecnos
_c[2010]
300 _a261 p.
_c23 cm
490 1 _aColección de ciencias sociales. Serie de ciencia política
500 _aÍndices
504 _aBibliografía: p. 243-256
541 _cCompra
650 4 _apolítica comunitaria
_930776
650 4 _aderecho comunitario
_929866
650 4 _adesarrollo institucional
_929802
650 4 _arelaciones interinstitucionales
_930832
650 4 _a2000-2009
_931980
653 1 0 _aMercado Único Europeo
650 4 _926752
_aUE
830 0 _aColección de ciencias sociales (Editorial Tecnos)
_pSerie de ciencia política
_933742
902 _aLIB Libro
942 _2CES
_cBK
_h1.0.
999 _c23023
_d23023